يا د نا مہ (Record no. 171924)

MARC details
000 -LEADER
fixed length control field 00625nam a22001937a 4500
005 - DATE AND TIME OF LATEST TRANSACTION
control field 20200123124536.0
010 ## - LCCN (DPL NO)
LC control number A-442602
020 ## - INTERNATIONAL STANDARD BOOK NUMBER
Terms of availability 60.00
International Standard Book Number -
035 ## - SYSTEM CONTROL NUMBER
System control number A-442602
037 ## - SOURCE OF ACQUISITION
Source of stock number/acquisition BPPD/Pub.
Stock number -
082 ## - DEWEY DECIMAL CLASSIFICATION NUMBER
Classification number 920
100 ## - MAIN ENTRY--PERSONAL NAME
Personal name خو ا جہ ا حمد فا ر و قی
245 ## - TITLE STATEMENT
Title يا د نا مہ
Statement of responsibility, etc خو ا جہ ا حمد فا ر و قی
246 ## - VARYING FORM OF TITLE
Remainder of title Yaad Nama (Urdu)
Title proper/short title by Khawaja Ahmed Farooqui
260 ## - PUBLICATION, DISTRIBUTION, ETC. (IMPRINT)
Place of publication, distribution, etc Delhi
Name of publisher, distributor, etc Gulistan Publishing House
Date of publication, distribution, etc 1986 ء
270 ## - ADDRESS
Address Deptt. Of Urdu,Delhi University ,
City Delhi
Postal code -
Telephone number -
Fax number -
300 ## - PHYSICAL DESCRIPTION
Extent 112ص
Dimensions 22 Cm(Hb)
942 ## - ADDED ENTRY ELEMENTS (KOHA)
Source of classification or shelving scheme Dewey Decimal Classification
Item type Urdu Bks
Classification part 920
Call number suffix ف ا ر
Holdings
Withdrawn status Lost status Not for loan Collection code Home library Current library Date acquired Source of acquisition Cost, normal purchase price Full call number Barcode Copy number Cost, replacement price Koha item type
      Non-fiction Central Library Central Library 23/01/2020 BPPD/Ven. 60.00 920 ف ا ر A-442602 1 60.00 Urdu Bks

© Delhi Public Library
Hit Counter
free hit counter